Les Écrits de Kracauer sur la propagande, Olivier Agard, L’Éclat, 2019, 120 p., 7 € (notice n° 1627701)
[ vue normale ]
| 000 -LEADER | |
|---|---|
| fixed length control field | 01252cam a2200169 4500500 |
| 005 - DATE AND TIME OF LATEST TRANSACTION | |
| control field | 20260111093951.0 |
| 041 ## - LANGUAGE CODE | |
| Language code of text/sound track or separate title | fre |
| 042 ## - AUTHENTICATION CODE | |
| Authentication code | dc |
| 100 10 - MAIN ENTRY--PERSONAL NAME | |
| Personal name | Ungan, Umut |
| Relator term | author |
| 245 00 - TITLE STATEMENT | |
| Title | Les Écrits de Kracauer sur la propagande, Olivier Agard, L’Éclat, 2019, 120 p., 7 € |
| 260 ## - PUBLICATION, DISTRIBUTION, ETC. | |
| Date of publication, distribution, etc. | 2021.<br/> |
| 500 ## - GENERAL NOTE | |
| General note | 97 |
| 520 ## - SUMMARY, ETC. | |
| Summary, etc. | La culture juive, comme la littérature rabbinique, véhiculent des conceptions alternatives de l’homme, qui font office de « masculinités de résistance » face aux modèles occidentaux. Or l’État d’Israël paraît rompre avec cet héritage pour embrasser des idéaux conventionnels de virilité, marqués par trois figures symboliques : le soldat, le pionnier et le chef. |
| 520 ## - SUMMARY, ETC. | |
| Summary, etc. | Jewish culture and rabbinical literature convey alternative conceptions of man, which act as “masculinities of resistance” against Western models. However, the State of Israel appears to be breaking with this heritage to embrace conventional ideals of virility, marked by three symbolic figures: the soldier, the pioneer and the leader. |
| 786 0# - DATA SOURCE ENTRY | |
| Note | Esprit | Avril | 4 | 2021-03-23 | p. 183v-183v | 0014-0759 |
| 856 41 - ELECTRONIC LOCATION AND ACCESS | |
| Uniform Resource Identifier | <a href="https://shs.cairn.info/revue-esprit-2021-4-page-183v?lang=fr&redirect-ssocas=7080">https://shs.cairn.info/revue-esprit-2021-4-page-183v?lang=fr&redirect-ssocas=7080</a> |
Pas d'exemplaire disponible.




Réseaux sociaux